| 000 -LEADER |
| fixed length control field |
02913cam a22003737a 4500 |
| 001 - CONTROL NUMBER |
| control field |
16069123 |
| 003 - CONTROL NUMBER IDENTIFIER |
| control field |
Nust |
| 005 - DATE AND TIME OF LATEST TRANSACTION |
| control field |
20170426134759.0 |
| 008 - FIXED-LENGTH DATA ELEMENTS--GENERAL INFORMATION |
| fixed length control field |
100126s2010 dcuab b 000 0 eng d |
| 010 ## - LIBRARY OF CONGRESS CONTROL NUMBER |
| LC control number |
2010921435 |
| 020 ## - INTERNATIONAL STANDARD BOOK NUMBER |
| Canceled/invalid ISBN |
9780309104249 |
| 020 ## - INTERNATIONAL STANDARD BOOK NUMBER |
| Canceled/invalid ISBN |
0309104242 |
| 020 ## - INTERNATIONAL STANDARD BOOK NUMBER |
| International Standard Book Number |
9780309140249 |
| 020 ## - INTERNATIONAL STANDARD BOOK NUMBER |
| International Standard Book Number |
0309140242 |
| 035 ## - SYSTEM CONTROL NUMBER |
| System control number |
(OCoLC)ocn607373346 |
| 040 ## - CATALOGING SOURCE |
| Original cataloging agency |
CWR |
| Transcribing agency |
CWR |
| Modifying agency |
CWR |
| -- |
OLA |
| -- |
UBY |
| -- |
CDX |
| -- |
IXA |
| -- |
YDXCP |
| -- |
DLC |
| 042 ## - AUTHENTICATION CODE |
| Authentication code |
lccopycat |
| 050 00 - LIBRARY OF CONGRESS CALL NUMBER |
| Classification number |
QE511 |
| Item number |
.N26 2010 |
| 082 04 - DEWEY DECIMAL CLASSIFICATION NUMBER |
| Classification number |
551.13072 NRC |
| Edition number |
22 |
| 110 2# - MAIN ENTRY--CORPORATE NAME |
| Corporate name or jurisdiction name as entry element |
National Research Council (U.S.). |
| Subordinate unit |
Committee on Challenges and Opportunities in Earth Surface Processes. |
| 245 10 - TITLE STATEMENT |
| Title |
Landscapes on the edge : |
| Remainder of title |
new horizons for research on Earth's surface / |
| Statement of responsibility, etc. |
Committee on Challenges and Opportunities in Earth Surface Processes, Board on Earth Sciences and Resources, Division on Earth and Life Studies, National Research Council of the National Academies. |
| 260 ## - PUBLICATION, DISTRIBUTION, ETC. |
| Place of publication, distribution, etc. |
Washington, D.C. : |
| Name of publisher, distributor, etc. |
National Academies Press, |
| Date of publication, distribution, etc. |
c2010. |
| 300 ## - PHYSICAL DESCRIPTION |
| Extent |
xvi, 163 p. : |
| Other physical details |
ill. (some col.), col. maps ; |
| Dimensions |
26 cm. |
| 504 ## - BIBLIOGRAPHY, ETC. NOTE |
| Bibliography, etc. note |
Includes bibliographical references (p. 133-135). |
| 505 0# - FORMATTED CONTENTS NOTE |
| Formatted contents note |
The importance of Earth surface processes -- Grand challenges in Earth surface processes -- Four high-priority research initiatives in Earth surface processes -- Mechanisms for developing initiatives and sustaining growth in Earth surface processes. |
| 520 ## - SUMMARY, ETC. |
| Summary, etc. |
"During geologic spans of time, Earth's shifting tectonic plates, atmosphere, freezing water, thawing ice, flowing rivers, and evolving life have shaped Earth's surface features. The resulting hills, mountains, valleys, and plains shelter ecosystems that interact with all life and provide a record of Earth surface processes that extend back through Earth's history. Despite rapidly growing scientific knowledge of Earth surface interactions, and the increasing availability of new monitoring technologies, there is still little understanding of how these processes generate and degrade landscapes. Landscapes on the Edge identifies nine grand challenges in this emerging field of study and proposes four high-priority research initiatives. The book poses questions about how our planet's past can tell us about its future, how landscapes record climate and tectonics, and how Earth surface science can contribute to developing a sustainable living surface for future generations."--Publisher's description. |
| 530 ## - ADDITIONAL PHYSICAL FORM AVAILABLE NOTE |
| Additional physical form available note |
Also available online. |
| 650 #0 - SUBJECT ADDED ENTRY--TOPICAL TERM |
| Topical term or geographic name entry element |
Landscapes. |
| 650 #0 - SUBJECT ADDED ENTRY--TOPICAL TERM |
| Topical term or geographic name entry element |
Land use. |
| 650 #0 - SUBJECT ADDED ENTRY--TOPICAL TERM |
| Topical term or geographic name entry element |
Climatic changes. |
| 651 #0 - SUBJECT ADDED ENTRY--GEOGRAPHIC NAME |
| Geographic name |
Earth (Planet) |
| General subdivision |
Surface. |
| 856 41 - ELECTRONIC LOCATION AND ACCESS |
| Uniform Resource Identifier |
<a href="http://books.nap.edu/catalog.php?record_id=12700">http://books.nap.edu/catalog.php?record_id=12700</a> |
| Public note |
View the online version |
| 906 ## - LOCAL DATA ELEMENT F, LDF (RLIN) |
| a |
7 |
| b |
cbc |
| c |
copycat |
| d |
2 |
| e |
epcn |
| f |
20 |
| g |
y-gencatlg |
| 942 ## - ADDED ENTRY ELEMENTS (KOHA) |
| Source of classification or shelving scheme |
|
| Koha item type |
Book |